| 000 | 00407nam a22001697a 4500 | ||
|---|---|---|---|
| 005 | 20180522124651.0 | ||
| 008 | 160429b xxu||||| |||| 00| 0 eng d | ||
| 020 | _a978-81-775-8654-1 | ||
| 041 | _aeng | ||
| 082 |
_b00855 _a519.5 |
||
| 100 |
_aSharma, J.K. _94310 |
||
| 245 | _aBusiness Statistics | ||
| 260 |
_aDelhi _bDorling kindersley _c2007 |
||
| 300 | _a731 | ||
| 650 |
_aManagement _9241 |
||
| 942 | _cBK | ||
| 999 |
_c282 _d282 |
||